[Event "Novokuznetsk SFO-ch U15"]
[Site "Novokuznetsk"]
[Date "2014.11.06"]
[Round "5"]
[White "Balaba, Danil"]
[Black "Kuular, Khaya"]
[Result "1-0"]
[WhiteElo "800"]
[BlackElo "700"]
[PlyCount "101"]
[EventDate "2014.11.02"]
[EventType "swiss"]
[EventRounds "9"]
[EventCountry "RUS"]
[SourceTitle "CBM 163 Extra"]
[Source "ChessBase"]
[SourceDate "2014.12.23"]
[SourceVersion "1"]
[SourceVersionDate "2014.12.23"]
[SourceQuality "1"]

1. e4 e5 2. Nf3 Bd6 3. Bc4 Nf6 4. d3 Nc6 5. c3 b6 6. 0-0 Bb7 7. Bb3 Qe7 8. Nbd2 h5 9. Re1 h4 10. h3 Nh5 11. Nf1 Nf4 12. Bxf4 exf4 13. e5 Nxe5 14. Nxe5 Bxe5 15. d4 0-0-0 16. Rxe5 Qf6 17. f3 d6 18. Re2 g5 19. d5 Qg6 20. Re7 Rd7 21. Qe2 Rxe7 22. Qxe7 f5 23. Re1 g4 24. Re6 Qg8 25. fxg4 fxg4 26. hxg4 Qxg4 27. Qf7 Kb8 28. Rg6 Qe2 29. Rg7 Rc8 30. Qxf4 Qxb2 31. Qe3 Qb1 32. Bc4 Qf5 33. Rg5 Qh7 34. Nd2 c6 35. Ne4 cxd5 36. Bxd5 Bxd5 37. Rxd5 Rg8 38. Nf6 Qb1+ 39. Kh2 Qxa2 40. Qe4 Rg3 41. Qe8+ Kb7 42. Qd7+ Kb8 43. Qxd6+ Kb7 44. Qd7+ Kb8 45. Qd8+ Kb7 46. Rd7+ Ka6 47. Qc8+ Kb5 48. Rd5+ Ka4 49. Qa6+ Kb3 50. Rb5+ Kc4 51. Ra5+ 1-0

[Event "Novokuznetsk SFO-ch U15"]
[Site "Novokuznetsk"]
[Date "2014.11.03"]
[Round "2"]
[White "Kuular, Khaya"]
[Black "Churakov, Danil"]
[Result "0-1"]
[WhiteElo "700"]
[BlackElo "1571"]
[PlyCount "116"]
[EventDate "2014.11.02"]
[EventType "swiss"]
[EventRounds "9"]
[EventCountry "RUS"]
[SourceTitle "CBM 163 Extra"]
[Source "ChessBase"]
[SourceDate "2014.12.23"]
[SourceVersion "1"]
[SourceVersionDate "2014.12.23"]
[SourceQuality "1"]

1. e4 c5 2. Nf3 Nc6 3. Bb5 e6 4. d3 Nge7 5. d4 cxd4 6. Nxd4 Qb6 7. Bxc6 Nxc6 8. Nxc6 bxc6 9. Nc3 Ba6 10. Na4 Qb4+ 11. Nc3 d5 12. a3 Qa5 13. exd5 cxd5 14. Bd2 Be7 15. Qh5 0-0 16. Ne4 Qb6 17. Ng5 Bxg5 18. Qxg5 Qxb2 19. Rc1 Qxa3 20. Qg4 Qe7 21. Ra1 Bc4 22. Bc3 f6 23. Rb1 Rab8 24. Rxb8 Rxb8 25. Kd2 e5 26. Re1 Qd6 27. Qf3 d4 28. Ba1 Be6 29. Qd3 Qc6 30. f3 g6 31. c3 Rb3 32. Rc1 Kf7 33. Rc2 Bf5 34. Qe2 d3 35. Qe3 dxc2 36. Qxa7+ Rb7 37. Qa2+ Be6 38. Qxc2 Qd5+ 39. Ke2 Ra7 40. Bb2 Qc4+ 41. Kf2 Ra2 42. Qb1 Qb3 43. Kg3 Qxb2 44. Qxb2 Rxb2 45. h3 Rc2 46. h4 Rxc3 47. Kf2 h6 48. g4 h5 49. gxh5 gxh5 50. Kg3 Bg4 51. Kh2 Rxf3 52. Kg1 e4 53. Kh2 e3 54. Kg2 e2 55. Kh2 Ke6 56. Kg1 e1Q+ 57. Kh2 Qe2+ 58. Kg1 Rf1# 0-1